Marie-Antoinette / (Record no. 140318)

MARC details
000 -LEADER
campo de control de longitud fija 00483nam a2200169 4500
001 - NÚMERO DE CONTROL
campo de control 140318
003 - IDENTIFICADOR DE NÚMERO DE CONTROL
campo de control ES-MaACL
005 - FECHA Y HORA DE LA ÚLTIMA TRANSACCIÓN
campo de control 20250929063206.0
007 - CAMPO FIJO DE DESCRIPCIÓN FÍSICA--INFORMACIÓN GENERAL
campo de control de longitud fija t|
008 - DATOS DE LONGITUD FIJA--INFORMACIÓN GENERAL
campo de control de longitud fija 070214q1920 fr r ||||1| fre d
100 1# - ENTRADA PRINCIPAL--NOMBRE DE PERSONA
Nombre de persona Ségur, Pierre de,
Fechas asociadas al nombre 1853-1916
9 (RLIN) 105195
245 10 - MENCIÓN DEL TÍTULO
Título Marie-Antoinette /
Mención de responsabilidad, etc. Marquis de Ségur.
260 ## - PUBLICACIÓN, DISTRIBUCIÓN, ETC.
Lugar de publicación, distribución, etc. [S. l. :
Nombre del editor, distribuidor, etc. s. n.,
Fecha de publicación, distribución, etc. 1920?] (
Lugar de fabricación/manufactura Lagny :
Fabricante E. Grevin)
300 ## - DESCRIPCIÓN FÍSICA
Extensión 413 p. ;
Dimensiones 23 x 15 cm.
852 ## - LOCALIZACIÓN
Ubicación ES-MaACL
Número de control de estantería D-4081
Holdings
Estatus retirado Estado de pérdida Estado de daño No para préstamo Biblioteca de origen Biblioteca actual Ubicación en estantería Fecha de adquisición Fuente de adquisición Total de préstamos Signatura topográfica completa Código de barras Visto por última vez Precio de reemplazo Tipo de ítem Koha
        Biblioteca del Ateneo de Madrid Biblioteca del Ateneo de Madrid Sala Valle Inclán 17/01/2008     D-4081 901146017 23/02/2023 23/02/2023 Libro impreso